000 01559nam a22002297a 4500
999 _c8744
_d8744
003 GBCCL
005 20241126110657.0
008 210927b ||||| |||| 00| 0 eng d
020 _a9781462770441
020 _a1462770444
040 _cGBC
082 _a266
_bHAD
100 _aHadaway, Robin Dale
_915422
245 _aA survey of world missions /
_cRobin Dale Hadaway.
260 _aNashville, Tennessee :
_b B and H Publishing Group,
_c[2020] ©2020
300 _axiii, 338 pages
505 _aReflecting thorough scholarship and decades of ministry experience, Robin Hadaway’s A Survey of World Missions examines the biblical, theological, and historical foundations of missions, as well as issues of culture and worldview, contextualization, philosophy, and mission strategy. The book is designed to assist pastors, students, missionaries, and theologians in developing sound theory and praxis for both the international and North American mission field. Through his use of field illustrations and key questions, Hadaway achieves a conversational tone, making this textbook ideal for use in both academic and lay settings.
505 _aThe Biblical basis of missions -- The theological foundation of missions -- The historical foundation of missions -- World religions -- Culture and worldview -- Contextualization -- Philosophy of missions -- Missions strategy and methods -- The missionary -- Conclusion: The future of twenty-first-century missions.
650 _aMissions.
_9885
650 _a Home missions.
_910049
942 _2ddc
_cBK
_07